Estados de EE. UU. o países europeos por PIB - Estadísticas

Estadísticas generales
  • Esta prueba ha sido intentada 3.291 veces
    1.936 desde el último reinicio
  • La puntuación promedio es 15 de 20
Estadísticas de respuestas
PIB en $
(mil millones)
País o Estado % Correcto
4 230 Alemania
96%
1 430 España
96%
2 940 Francia
95%
2 100 Italia
93%
3 360 California
92%
3 190 Reino Unido
91%
1 850 Nueva York
90%
1 990 Texas
89%
1 230 Florida
85%
670 Polonia
77%
1 370 Rusia
77%
810 Suiza
77%
1 020 Países Bajos
72%
668 Washington
70%
938 Illinois
52%
736 Ohio
48%
683 Georgia
46%
672 Nueva Jersey
45%
839 Pensilvania
45%
655 Carolina del Norte
44%
No se encontraron pruebas coincidentes
Distribución de puntuación
Porcentaje de gente con cada puntuación
Porcentaje por número respondido
Historial de tus puntuaciones
No has intentado esta prueba desde el último reinicio